NHL Leading Scorers 2017-2018 - Statistics

General Stats
  • This quiz has been taken 149 times
    129 since last reset
  • The average score is 12 of 15
Answer Stats
# Team Points Player % Correct
1 Edmonton Oilers 108 Connor McDavid
100%
10 Pittsburgh Penguins 89 Sidney Crosby
96%
4 Pittsburgh Penguins 98 Evgeni Malkin
95%
3 Tampa Bay Lightning 100 Nikita Kucherov
94%
5 Colorado Avalanche 97 Nathan MacKinnon
91%
11 Washington Capitals 87 Alexander Ovechkin
90%
12 Tampa Bay Lightning 86 Steven Stamkos
90%
15 Boston Bruins 85 Brad Marchand
88%
8 Los Angeles Kings 92 Anze Kopitar
87%
9 Winnipeg Jets 91 Blake Wheeler
78%
14 New York Islanders 85 Matthew Barzal
78%
6 New Jersey Devils 93 Taylor Hall
77%
7 Pittsburgh Penguins 92 Phil Kessel
69%
13 Philadelphia Flyers 85 Jakub Voracek
62%
2 Philadelphia Flyers 102 Claude Giroux
32%
No matching quizzes found
Score Distribution
Percent of People with Each Score
Percentile by Number Answered
Your Score History
You have not taken this quiz since the last reset